书目信息 |
| 题名: |
村镇供水工程设计图集
|
|
| 作者: | 李仰斌 主编 ;水利部 , 水利部 编 | |
| 分册: | ||
| 出版信息: | 北京 中国水利水电出版社 2007.10 |
|
| 页数: | 234页 | |
| 开本: | 29×42cm | |
| 丛书名: | ||
| 单 册: | ||
| 中图分类: | S277.7-64 | |
| 科图分类: | ||
| 主题词: | 农村给水--nong cun gei shui--给水工程--设计--中国--图集 | |
| 电子资源: | ||
| ISBN: | 978-7-5084-4823-7 | |
| 000 | 01140nam0 2200265 450 | |
| 001 | 012008390502 | |
| 005 | 20080504095948.09 | |
| 010 | @a978-7-5084-4823-7@dCNY230.00 (含光盘) | |
| 011 | @a978-7-900228-25-3@b光盘 | |
| 100 | @a20080501d2007 em y0chiy0120 ea | |
| 101 | 0 | @achi |
| 102 | @aCN@b110000 | |
| 105 | @aa z 000yy | |
| 106 | @ar | |
| 200 | 1 | @a村镇供水工程设计图集@Acun zhen gong shui gong cheng she ji tu ji@f李仰斌主编@Fli yang bin zhu bian@g水利部农村水利司,水利部农村饮水安全中心编@Gshui li bu nong cun shui li si,shui li bu nong cun yin shui an quan zhong xin bian |
| 210 | @a北京@c中国水利水电出版社@d2007.10 | |
| 215 | @a234页@c图@d29×42cm@e光盘1片 | |
| 330 | @a本书是村镇供水工程设计图集,介绍了北京昌平区北七家水厂、北京怀柔去雁栖水厂、河北易县流井乡供水工程、山西运城市盐湖区东郭供水工程等。 | |
| 606 | 0 | @a农村给水@Anong cun gei shui@x给水工程@x设计@y中国@j图集 |
| 690 | @aS277.7-64@v4 | |
| 701 | 0 | @a李仰斌@Ali yang bin@4主编 |
| 712 | 02 | @a水利部@Ashui li bu@b农村水利司@4编 |
| 712 | 02 | @a水利部@Ashui li bu@b农村饮水安全中心@4编 |
| 801 | 0 | @aCN@bQSSK@c20080504 |
| 905 | @b299887@dS277.7-64@eL310@f1 | |
| 村镇供水工程设计图集/李仰斌主编/水利部农村水利司,水利部农村饮水安全中心编.-北京:中国水利水电出版社,2007.10 |
| 234页:图;29×42cm+光盘1片 |
| ISBN 978-7-5084-4823-7:CNY230.00 (含光盘) |
| 本书是村镇供水工程设计图集,介绍了北京昌平区北七家水厂、北京怀柔去雁栖水厂、河北易县流井乡供水工程、山西运城市盐湖区东郭供水工程等。 |
| ● |
| 相关链接 |
|
|
|
正题名:村镇供水工程设计图集
索取号:S277.7-64/L310
 
预约/预借
| 序号 | 登录号 | 条形码 | 馆藏地/架位号 | 状态 | 备注 |
| 1 | 299887 | 202998872 | 自科库401/401自科库 67排1列5层/ [索取号:S277.7-64/L310] | 在馆 |